000 00789cab a2200241 4500
001 WB2827-40
008 090401t1992 xxu||||| |||| 00| 0 eng d
035 _a(Sirsi) u55606
041 _aeng
245 _aElectronic auctions
260 _c1992
350 _a0
490 _aIndependent
_v6 July 1992, 4(1)
520 _aCentral Livestock Auction Satellite Sales (CLASS) has developed a system, improving on electronic auctions to date by providing a video of the animal rather than just written-on-screen information.
650 _aCATTLE MARKETS
650 _aCENTRAL LIVESTOCK AUCTION SATELLITE SALES
650 _aELECTRONIC AUCTIONS
650 _aLIVESTOCK AUCTIONS
690 _aAuctioneering
_96218
690 _aRURAL PRACTICE
942 _n0
948 _c04/03/1997
999 _c33985
_d33985